[Event "IX Open Primavera"]
[Site "Como ITA"]
[Date "2014.04.03"]
[Round "5"]
[White "Giaracuni, Claudio"]
[Black "Ciancio, Mario"]
[WhiteElo "1778"]
[BlackElo "1563"]
[Result "1-0"]
[PlyCount "123"]
[EventDate "2014.03.06"]

1. d4 d5 2. c4 dxc4 3. Nc3 Nf6 4. e4 e6 5. Bxc4 Be7 6. Nf3 O-O 7. O-O c6 8. Bf4
b5 9. Bxb8 Rxb8 10. Bd3 Bb7 11. Rc1 Rc8 12. a4 b4 13. Ne2 c5 14. dxc5 Bxe4 15.
Bxe4 Nxe4 16. c6 Qxd1 17. Rfxd1 Nf6 18. Ne5 Nd5 19. Nd4 Rfd8 20. Nd7 Nb6 21.
Nxb6 axb6 22. c7 Rd7 23. Nb5 Rxd1+ 24. Rxd1 Kf8 25. b3 Ke8 26. Kf1 Bc5 27. g4
Ke7 28. Rd3 h6 29. h4 g6 30. Ke2 f6 31. f4 f5 32. Kf3 Ke8 33. gxf5 gxf5 34.
Nd6+ Bxd6 35. Rxd6 Rxc7 36. Rxe6+ Kf7 37. Rxb6 Rc3+ 38. Ke2 Rxb3 39. Rxh6 Ra3
40. Rb6 b3 41. Kd2 b2 42. Kc2 b1=Q+ 43. Kxb1 Rf3 44. h5 Rxf4 45. h6 Kg8 46. Kc2
Kh7 47. Kd3 Re4 48. a5 Re7 49. Rf6 Re5 50. a6 Ra5 51. Ke3 Kh8 52. Kf4 Kh7 53.
Kg5 f4+ 54. Kxf4 Kh8 55. Ke4 Kh7 56. Kd4 Kh8 57. Kc4 Kh7 58. Kb4 Ra1 59. Kb5
Rb1+ 60. Kc6 Rc1+ 61. Kb7 Rb1+ 62. Rb6 1-0

[Event "IX Open Primavera"]
[Site "Como ITA"]
[Date "2014.04.03"]
[Round "5"]
[White "Gonella, Daniele"]
[Black "Buonocore, Elio"]
[WhiteElo "2143"]
[BlackElo "2177"]
[Result "1/2-1/2"]
[PlyCount "83"]
[EventDate "2014.03.06"]

1. e4 e5 2. Nf3 Nc6 3. Bb5 f5 4. exf5 e4 5. Qe2 Qe7 6. Bxc6 dxc6 7. Nd4 Qe5 8.
Ne6 Bxe6 9. fxe6 Bd6 10. Nc3 Nf6 11. g3 O-O-O 12. O-O Rhe8 13. d3 exd3 14. Qxd3
Bb4 15. Bf4 Qxe6 16. Qf3 Bxc3 17. Qxc3 Nd5 18. Qd2 h6 19. Rae1 Qf5 20. Rxe8
Rxe8 21. Re1 Rxe1+ 22. Qxe1 b5 23. Be5 g5 24. c3 Qc2 25. h3 a5 26. a3 a4 27.
Kf1 Nb6 28. Bd4 Nc4 29. Qe6+ Kb7 30. Qxh6 Qxb2 31. Qxg5 Qxa3 32. Qc5 Qb3 33.
Qa7+ Kc8 34. h4 a3 35. h5 Qd1+ 36. Kg2 Qxh5 37. Bc5 Qe2 38. Bxa3 Qe4+ 39. Kg1
Qb1+ 40. Kh2 Qh7+ 41. Kg1 Qb1+ 42. Kh2 1/2-1/2

[Event "IX Open Primavera"]
[Site "Como ITA"]
[Date "2014.04.03"]
[Round "5"]
[White "Manino, Edoardo"]
[Black "Rossini, Fulvio"]
[WhiteElo "1926"]
[BlackElo "1827"]
[Result "1-0"]
[PlyCount "85"]
[EventDate "2014.03.06"]

1. d4 Nf6 2. c4 g6 3. f3 d6 4. e4 Bg7 5. Nc3 b6 6. Be3 c5 7. d5 Nbd7 8. Be2 Ne5
9. h3 h5 10. f4 Ned7 11. Nf3 a6 12. e5 Ng8 13. e6 Bxc3+ 14. bxc3 fxe6 15. dxe6
Nf8 16. Qa4+ b5 17. cxb5 Bxe6 18. bxa6+ Bd7 19. Qc2 Bf5 20. Bd3 Qc8 21. O-O
Bxd3 22. Qxd3 Qxa6 23. c4 Qa3 24. Qe4 Nf6 25. Qc6+ N8d7 26. Bc1 Qa6 27. Qb5
Qxb5 28. cxb5 Ra5 29. a4 Ne4 30. Nd2 Nc3 31. Bb2 Ne2+ 32. Kf2 Nd4 33. Bxd4 cxd4
34. Nb3 Ra8 35. Nxd4 O-O 36. Kg1 Nb6 37. a5 Nc4 38. Nc6 e5 39. fxe5 Rxf1+ 40.
Rxf1 dxe5 41. b6 Nxa5 42. Ra1 Ra6 43. b7 1-0

[Event "IX Open Primavera"]
[Site "Como ITA"]
[Date "2014.04.03"]
[Round "5"]
[White "Pede, Lucio"]
[Black "Nastasi, Ivano"]
[WhiteElo "1794"]
[BlackElo "1725"]
[Result "1-0"]
[PlyCount "103"]
[EventDate "2014.03.06"]

1. e4 c5 2. c3 b6 3. Bc4 Bb7 4. d3 e6 5. Nf3 d6 6. Bf4 a6 7. O-O Nc6 8. Nbd2
Be7 9. Re1 g5 10. Bxe6 gxf4 11. Bb3 Bc8 12. Bd5 Bb7 13. Qb3 Nh6 14. Bxc6+ Bxc6
15. e5 d5 16. e6 f6 17. Qd1 Qc7 18. Nh4 O-O-O 19. Qh5 Ng8 20. Ng6 Be8 21. Nxe7+
Nxe7 22. Qe2 Bg6 23. b4 c4 24. d4 Rhg8 25. Qd1 h5 26. Qa4 Qb7 27. b5 a5 28.
Nxc4 dxc4 29. Qxc4+ Kb8 30. f3 Qxf3 31. gxf3 Bd3+ 32. Kf2 Bxc4 33. a4 h4 34.
Re4 Nd5 35. e7 Rde8 36. Re6 Rg7 37. Rc6 Bd3 38. c4 Rexe7 39. Re1 Rxe1 40. Kxe1
Ne3 41. Rxb6+ Ka7 42. c5 Nc4 43. Rxf6 Rg1+ 44. Kf2 Rf1+ 45. Kg2 Ne3+ 46. Kh3
Rxf3+ 47. Kxh4 Bf1 48. Rf7+ Kb8 49. b6 Rh3+ 50. Kg5 f3 51. c6 Nd5 52. Rf8# 1-0

[Event "IX Open Primavera"]
[Site "Como ITA"]
[Date "2014.04.03"]
[Round "5"]
[White "Puppi, Simone"]
[Black "Primerano, Carlo"]
[WhiteElo "1538"]
[BlackElo "1731"]
[Result "0-1"]
[PlyCount "108"]
[EventDate "2014.03.06"]

1. e4 g6 2. g3 Bg7 3. Bg2 d6 4. h3 c5 5. Nc3 Nc6 6. f4 e6 7. Nf3 Nge7 8. d3 O-O
9. Ne2 Rb8 10. Rb1 Qa5+ 11. Bd2 Qxa2 12. Bc3 Bxc3+ 13. Nxc3 Qa5 14. O-O a6 15.
h4 Bd7 16. g4 f5 17. Nh2 Nd4 18. gxf5 exf5 19. h5 Rf7 20. h6 Bc6 21. Ne2 Nxe2+
22. Qxe2 Rbf8 23. e5 Bxg2 24. Kxg2 Qc7 25. Nf3 Nd5 26. Ng5 Re7 27. Qf3 Qc6 28.
Kg3 dxe5 29. fxe5 Rxe5 30. Rbe1 Rfe8 31. Rxe5 Rxe5 32. Ne4 f4+ 33. Kh2 Rh5+ 34.
Kg1 Nf6 35. Qxf4 Rf5 36. Nxf6+ Qxf6 37. Qb8+ Qf8 38. Qxf8+ Kxf8 39. Rxf5+ gxf5
40. Kg2 Kf7 41. Kf3 Ke6 42. Kf4 b5 43. c3 a5 44. d4 cxd4 45. cxd4 a4 46. d5+
Kxd5 47. Kxf5 b4 48. Kf6 a3 49. bxa3 bxa3 50. Kg7 Ke6 51. Kxh7 Kf7 52. Kh8 a2
53. Kh7 Kf8 54. Kh8 a1=Q+ 0-1

[Event "IX Open Primavera"]
[Site "Como ITA"]
[Date "2014.04.03"]
[Round "5"]
[White "Riva, Angelo Carlo"]
[Black "Frignani, Alessandro"]
[WhiteElo "1500"]
[BlackElo "1410"]
[Result "0-1"]
[PlyCount "112"]
[EventDate "2014.03.06"]

1. e4 e5 2. Bc4 Bc5 3. Nf3 Qf6 4. Nc3 c6 5. h3 d6 6. Na4 b5 7. Nxc5 bxc4 8. Na4
Nd7 9. d3 d5 10. exd5 cxd5 11. dxc4 dxc4 12. O-O Ne7 13. Bg5 Qc6 14. Bxe7 Kxe7
15. Nc3 Bb7 16. Re1 f6 17. Qd2 Rad8 18. Qe3 a6 19. Rad1 Kf7 20. Ne4 Nb6 21.
Neg5+ fxg5 22. Nxg5+ Kg6 23. Qg3 Rxd1 24. Rxd1 Re8 25. Nf3+ Kf6 26. Qh4+ Kf7
27. Ng5+ Kg6 28. Ne4 Qxe4 29. Qxe4+ Bxe4 30. Rd6+ Kf7 31. Rxb6 Bxc2 32. Rxa6
Rd8 33. Rc6 Bd3 34. b3 cxb3 35. axb3 e4 36. Rb6 Ra8 37. Kh2 Ra2 38. Kg3 Rb2 39.
b4 h6 40. h4 g6 41. h5 gxh5 42. Rxh6 Bc2 43. Rb6 Ke7 44. Kf4 Bd3 45. Ke3 Rb1
46. f3 Re1+ 47. Kf2 Re2+ 48. Kg3 e3 49. b5 Rb2 50. Rb7+ Kd6 51. b6 Kc6 52. Re7
Rxb6 53. Rxe3 Bc4 54. Kh3 Rb2 55. f4 Kd6 56. g3 Rb1 0-1

[Event "IX Open Primavera"]
[Site "Como ITA"]
[Date "2014.04.03"]
[Round "5"]
[White "Zerboni, Giuseppe"]
[Black "Bellotto, Stefano"]
[WhiteElo "1596"]
[BlackElo "1989"]
[Result "0-1"]
[PlyCount "80"]
[EventDate "2014.03.06"]

1. e4 d6 2. d4 Nf6 3. Nc3 c6 4. Nf3 Bg4 5. Be2 e6 6. O-O d5 7. Bg5 Be7 8. e5
Bxf3 9. Bxf3 Nfd7 10. Bxe7 Qxe7 11. a3 O-O 12. Ne2 c5 13. c3 Nc6 14. Qc2 Rfc8
15. Rac1 Nb6 16. Qd3 Nc4 17. Rc2 b5 18. Ra1 Rab8 19. b4 cxd4 20. cxd4 a5 21.
bxa5 b4 22. axb4 Nxb4 23. Qd1 Nxc2 24. Qxc2 Nxa5 25. Qd1 Nb3 26. Rb1 Qa3 27. h4
Nxd4 28. Rxb8 Nxf3+ 29. gxf3 Rxb8 30. Kg2 Qb2 31. f4 Qb1 32. Qd2 Qg6+ 33. Ng3
Rc8 34. f5 exf5 35. f4 Qg4 36. h5 d4 37. Kh2 Rc3 38. Qf2 Rf3 39. Qg2 Qh4+ 40.
Kg1 Rxg3 0-1

[Event "IX Open Primavera"]
[Site "Como ITA"]
[Date "2014.04.10"]
[Round "6"]
[White "Buonocore, Elio"]
[Black "Bellotto, Stefano"]
[WhiteElo "2177"]
[BlackElo "1989"]
[Result "1/2-1/2"]
[PlyCount "37"]
[EventDate "2014.03.06"]

1. e4 d6 2. d4 Nf6 3. Nc3 c6 4. f4 Qa5 5. Bd3 e5 6. Nf3 Bg4 7. Be3 Nbd7 8. O-O
Be7 9. Qe1 Bxf3 10. Rxf3 Qc7 11. h3 O-O 12. Qf2 b5 13. Ne2 Nxe4 14. Bxe4 f5 15.
Bxf5 Rxf5 16. fxe5 Rxf3 17. Qxf3 dxe5 18. Qg4 Qd6 19. Rf1 1/2-1/2

[Event "IX Open Primavera"]
[Site "Como ITA"]
[Date "2014.04.10"]
[Round "6"]
[White "Canali, Marco"]
[Black "Pede, Lucio"]
[WhiteElo "1832"]
[BlackElo "1794"]
[Result "1-0"]
[PlyCount "123"]
[EventDate "2014.03.06"]

1. e4 e5 2. Nf3 Nc6 3. Bb5 a6 4. Ba4 b5 5. Bb3 d6 6. c3 Bg4 7. O-O Qf6 8. d3
Bxf3 9. Qxf3 Qxf3 10. gxf3 Nce7 11. a4 Rd8 12. axb5 axb5 13. c4 bxc4 14. Ba4+
c6 15. dxc4 g6 16. Nc3 Bh6 17. Nd5 Bxc1 18. Rfxc1 Kf8 19. Ne3 f5 20. c5 Nf6 21.
exf5 gxf5 22. Nc4 dxc5 23. Nxe5 Rd2 24. Bxc6 Nxc6 25. Nxc6 Rxb2 26. Ra8+ Kg7
27. Rxh8 Kxh8 28. Rxc5 Kg7 29. Rxf5 Rc2 30. Nd4 Rd2 31. Nb5 Kg6 32. Re5 Nh5 33.
Re4 Nf6 34. Rd4 Rb2 35. Nc3 Kf5 36. Kf1 Nh5 37. Ne2 Kg6 38. Nf4+ Nxf4 39. Rxf4
Kg5 40. Rg4+ Kf5 41. Kg2 Rb1 42. h4 Rb3 43. Rg7 Rb6 44. Rxh7 Rg6+ 45. Kh2 Kf4
46. Rf7+ Ke5 47. Kh3 Ke6 48. Rf8 Ke7 49. Rf4 Ke6 50. h5 Rg1 51. Kh4 Rh1+ 52.
Kg5 Rg1+ 53. Rg4 Rf1 54. Kg6 Ra1 55. Re4+ Kd5 56. h6 Ra6+ 57. Kg5 Ra7 58. Rf4
Ke5 59. Rf5+ Ke6 60. Rf6+ Kd5 61. Kg6 Ke5 62. f4+ 1-0

[Event "IX Open Primavera"]
[Site "Como ITA"]
[Date "2014.04.10"]
[Round "6"]
[White "Ciancio, Mario"]
[Black "Brambilla, Emilio"]
[WhiteElo "1563"]
[BlackElo "1482"]
[Result "1-0"]
[PlyCount "65"]
[EventDate "2014.03.06"]

1. e4 d6 2. d4 g6 3. c4 Bg7 4. Nf3 Nf6 5. Nc3 O-O 6. h3 h5 7. Be3 Nh7 8. Bd3
Na6 9. a3 c6 10. Qd2 Bd7 11. Bh6 f5 12. Bxg7 Kxg7 13. exf5 Bxf5 14. Bxf5 gxf5
15. Ng5 Rf6 16. O-O-O Rg6 17. h4 e6 18. f4 d5 19. Rhe1 Qd7 20. c5 b5 21. Qe3
Nxg5 22. hxg5 Kf7 23. Qe5 Qc7 24. Qxc7+ Nxc7 25. Rh1 Rh8 26. Rh4 Rg7 27. Rdh1
Kg6 28. Nd1 a5 29. Nf2 a4 30. Nd3 Na6 31. Ne5+ Kh7 32. Rxh5+ Kg8 33. Rxh8# 1-0

[Event "IX Open Primavera"]
[Site "Como ITA"]
[Date "2014.04.10"]
[Round "6"]
[White "Frignani, Alessandro"]
[Black "Moioli, Ferruccio"]
[WhiteElo "1410"]
[BlackElo "1677"]
[Result "0-1"]
[PlyCount "172"]
[EventDate "2014.03.06"]

1. e4 g6 2. d4 Bg7 3. Bc4 e6 4. Nc3 a6 5. Qf3 Bxd4 6. Nge2 Bg7 7. Be3 Nc6 8.
Qg3 b5 9. Bb3 Bb7 10. f3 Nf6 11. Bg5 h6 12. Be3 d6 13. O-O Qe7 14. Rfd1 O-O 15.
Qh3 Kh7 16. g4 Ng8 17. Rab1 Bc8 18. Qg2 Bd7 19. h3 f5 20. g5 h5 21. h4 Na5 22.
Nd4 c5 23. Nde2 c4 24. Bb6 cxb3 25. cxb3 Nc6 26. Bc7 Rfc8 27. Bxd6 Qf7 28. f4
fxe4 29. Qxe4 Qf5 30. Qxf5 exf5 31. Rd2 Be8 32. Rbd1 Rd8 33. Bc7 Rxd2 34. Rxd2
Rc8 35. Bb6 Nce7 36. b4 Bf7 37. Bc5 Nc6 38. Rd7 Bc4 39. b3 Bxe2 40. Nxe2 Re8
41. Nd4 Nge7 42. Ne6 Kg8 43. Nc7 Kf8 44. Nxe8 Kxe8 45. Rd6 Kf7 46. a4 Bc3 47.
axb5 axb5 48. Kg2 Nxb4 49. Rb6 Nbd5 50. Rxb5 Nxf4+ 51. Kf3 Nfd5 52. Bf2 Ke6 53.
Rb7 Kd6 54. Bg3+ Kc6 55. Rb8 Bd2 56. b4 Bxb4 57. Ra8 Kb7 58. Rb8+ Kc6 59. Ra8
Kd7 60. Ra6 Nc3 61. Be1 Ncd5 62. Bxb4 Nxb4 63. Rf6 Nd3 64. Ra6 Ne5+ 65. Kg2
N7c6 66. Ra8 Ke6 67. Ra6 Kd5 68. Ra4 Nc4 69. Kf3 N6e5+ 70. Kf4 Nd3+ 71. Kf3 Kd4
72. Ra8 Nde5+ 73. Kf4 Kd3 74. Rd8+ Ke2 75. Rd4 Nd3+ 76. Kg3 Nce5 77. Ra4 Ke3
78. Ra6 f4+ 79. Kg2 f3+ 80. Kf1 f2 81. Ra2 Nf3 82. Ra4 Nd2+ 83. Kg2 f1=Q+ 84.
Kg3 Qf3+ 85. Kh2 Kf2 86. Rg4 Nf1# 0-1

[Event "IX Open Primavera"]
[Site "Como ITA"]
[Date "2014.04.10"]
[Round "6"]
[White "Gonella, Daniele"]
[Black "Manino, Edoardo"]
[WhiteElo "2143"]
[BlackElo "1926"]
[Result "1-0"]
[PlyCount "53"]
[EventDate "2014.03.06"]

1. e4 e6 2. d4 d5 3. Nc3 Bb4 4. Bd3 Nf6 5. e5 Ne4 6. Bxe4 dxe4 7. a3 Bxc3+ 8.
bxc3 Qd5 9. Qg4 Kf8 10. Ne2 c5 11. Be3 Nc6 12. Rd1 b5 13. Ng3 cxd4 14. cxd4 Bb7
15. Nh5 Rg8 16. Nxg7 Qc4 17. Bh6 Qc3+ 18. Rd2 Ke7 19. Qxe4 Na5 20. Qh4+ Kd7 21.
Qf4 Qa1+ 22. Ke2 Qxh1 23. Qxf7+ Kc6 24. Qxe6+ Kc7 25. Qd6+ Kc8 26. Ne6 Qxg2 27.
Qc7# 1-0

[Event "IX Open Primavera"]
[Site "Como ITA"]
[Date "2014.04.10"]
[Round "6"]
[White "Gonella, Graziano"]
[Black "Corti, Filippo"]
[WhiteElo "1163"]
[BlackElo "1650"]
[Result "0-1"]
[PlyCount "104"]
[EventDate "2014.03.06"]

1. e4 c6 2. Nf3 d5 3. exd5 cxd5 4. d4 Nf6 5. c4 g6 6. Nc3 Bg7 7. Be2 O-O 8. Ne5
Nc6 9. Be3 Be6 10. O-O dxc4 11. h3 Nd5 12. Nxc4 Nxe3 13. fxe3 Bh6 14. Rf3 Bd5
15. e4 Bxc4 16. Bxc4 Qxd4+ 17. Qxd4 Nxd4 18. Rd3 e5 19. Nd5 Kg7 20. Rf1 Ne2+
21. Kh1 Rac8 22. Bb3 Nd4 23. Nf6 Nxb3 24. Rxb3 b6 25. Ng4 f6 26. Rbf3 Rc1 27.
Nxh6 Rxf1+ 28. Rxf1 Kxh6 29. g4 Kg5 30. Kg2 Rd8 31. Rf2 Rd4 32. Kf3 Rd3+ 33.
Kg2 Re3 34. Rc2 Rxe4 35. Rc7 Re2+ 36. Kf3 Rxb2 37. Rxa7 h6 38. Kg3 f5 39. gxf5
gxf5 40. h4+ Kf6 41. h5 Rb4 42. a4 Rb3+ 43. Kh4 Rb4+ 44. Kg3 Kg5 45. Re7 e4 46.
Rb7 f4+ 47. Kf2 Rxa4 48. Rxb6 Kxh5 49. Rb5+ Kg4 50. Rb2 e3+ 51. Kg2 f3+ 52. Kf1
Ra1+ 0-1

[Event "IX Open Primavera"]
[Site "Como ITA"]
[Date "2014.04.10"]
[Round "6"]
[White "Lipari, Alberto"]
[Black "Bettinelli, Sergio"]
[WhiteElo "1525"]
[BlackElo "1484"]
[Result "1-0"]
[PlyCount "77"]
[EventDate "2014.03.06"]

1. c4 g6 2. d4 Bg7 3. Nf3 d6 4. Nc3 b6 5. Bf4 Nf6 6. e4 Nbd7 7. e5 Nh5 8. Qd2
Nxf4 9. Qxf4 O-O 10. Bd3 Bb7 11. Be4 c6 12. b4 Rb8 13. O-O a6 14. a4 b5 15.
axb5 axb5 16. cxb5 c5 17. bxc5 dxc5 18. Rfd1 Qc7 19. Bxb7 Rxb7 20. Nd5 Qd8 21.
dxc5 f6 22. e6 Nxc5 23. Nxf6+ Bxf6 24. Rxd8 Rxd8 25. Re1 Nd3 26. Qe4 Nxe1 27.
Qxb7 Nc2 28. g4 h6 29. h4 g5 30. hxg5 hxg5 31. Qc7 Rd6 32. Qxc2 Rxe6 33. Qg6+
Kh8 34. Nxg5 Re1+ 35. Kg2 Bxg5 36. Qh5+ Kg8 37. Qxg5+ Kf8 38. b6 Rb1 39. Qf5+
1-0

[Event "IX Open Primavera"]
[Site "Como ITA"]
[Date "2014.04.10"]
[Round "6"]
[White "Nastasi, Ivano"]
[Black "Bassoli, Andrea D."]
[WhiteElo "1725"]
[BlackElo "1590"]
[Result "1-0"]
[PlyCount "65"]
[EventDate "2014.03.06"]

1. d4 f5 2. g3 Nf6 3. c4 g6 4. Bg2 Bg7 5. Nf3 O-O 6. Nc3 c6 7. O-O Na6 8. Re1
d6 9. Bf4 Nc7 10. Qd2 Qe8 11. Bh6 Bxh6 12. Qxh6 Ng4 13. Qd2 e5 14. e4 f4 15. h3
fxg3 16. fxg3 Nf6 17. g4 Kg7 18. Rad1 Nd7 19. Rf1 c5 20. dxc5 d5 21. Nxd5 Ne6
22. b4 b6 23. c6 Nf6 24. Nxe5 Nxd5 25. Rxf8 Nxf8 26. Qxd5 Be6 27. Qd6 Rc8 28.
b5 Bg8 29. Rf1 Ne6 30. Nd7 Rd8 31. h4 h6 32. Qe5+ Kh7 33. Nf6+ 1-0

[Event "IX Open Primavera"]
[Site "Como ITA"]
[Date "2014.04.11"]
[Round "6"]
[White "Primerano, Carlo"]
[Black "Zerboni, Giuseppe"]
[WhiteElo "1731"]
[BlackElo "1596"]
[Result "0-1"]
[PlyCount "58"]
[EventDate "2014.03.06"]

1. d4 Nf6 2. c4 g6 3. Nc3 Bg7 4. e4 d6 5. f3 O-O 6. Be3 e5 7. d5 c6 8. Bd3 cxd5
9. cxd5 Nh5 10. Nge2 f5 11. O-O f4 12. Bf2 Nd7 13. Rc1 Nc5 14. Bb1 a5 15. Na4
b6 16. Nxc5 bxc5 17. Bd3 Qb6 18. b3 Ba6 19. Nc3 Bxd3 20. Qxd3 Rab8 21. Na4 Qb5
22. Rc4 Bf6 23. Be1 Rf7 24. Qd2 Bd8 25. Nb2 Ng7 26. Ra4 Bb6 27. Nc4 Ra8 28. Kh1
Nh5 29. Nxd6 Qxf1# 0-1

[Event "IX Open Primavera"]
[Site "Como ITA"]
[Date "2014.04.10"]
[Round "6"]
[White "Rossini, Fulvio"]
[Black "Filippini, Enea"]
[WhiteElo "1827"]
[BlackElo "1694"]
[Result "1-0"]
[PlyCount "73"]
[EventDate "2014.03.06"]

1. e4 c6 2. d4 d5 3. e5 Bf5 4. h4 h5 5. Bd3 Bxd3 6. Qxd3 e6 7. f4 Nh6 8. Be3
Be7 9. Nf3 Nd7 10. Nbd2 Qa5 11. c3 Nf5 12. Bf2 a6 13. Nf1 c5 14. Ne3 Nxe3 15.
Bxe3 cxd4 16. Bxd4 g6 17. Ng5 Nf8 18. O-O b5 19. Rfb1 Qc7 20. b4 Bxg5 21. fxg5
Nd7 22. a4 Qc4 23. Qxc4 bxc4 24. b5 axb5 25. axb5 Ke7 26. b6 Rxa1 27. Rxa1 Rb8
28. Rb1 Kd8 29. Kh2 Kc8 30. Rf1 Nxb6 31. Rxf7 Na4 32. Rg7 Rb3 33. Rxg6 Nxc3 34.
Bxc3 Rxc3 35. Rf6 Rb3 36. g6 Kd7 37. g7 1-0

[Event "IX Open Primavera"]
[Site "Como ITA"]
[Date "2014.04.10"]
[Round "6"]
[White "Salvade', Ettore"]
[Black "Riva, Angelo Carlo"]
[WhiteElo "1523"]
[BlackElo "1500"]
[Result "0-1"]
[PlyCount "60"]
[EventDate "2014.03.06"]

1. e4 e5 2. Nf3 Nc6 3. Bc4 Bc5 4. c3 Nf6 5. d3 h6 6. b4 Bd6 7. Bb2 O-O 8. Qb3
a6 9. a4 b6 10. O-O Bb7 11. Re1 Nh5 12. d4 exd4 13. cxd4 Bxb4 14. Re3 Qe7 15.
Nc3 Na5 16. Qa2 Nxc4 17. Qxc4 a5 18. Qxc7 Ba6 19. Nd5 Qe6 20. Nxb6 Rad8 21. Ne5
Bd6 22. Qa7 Bxe5 23. dxe5 Rb8 24. Qxa6 Rxb6 25. Qe2 Rfb8 26. Qxh5 Rxb2 27. Qd1
Qxe5 28. f3 Qc5 29. Qd3 R2b3 30. Qxb3 Rxb3 0-1

[Event "IX Open Primavera"]
[Site "Como ITA"]
[Date "2014.04.17"]
[Round "7"]
[White "Bettinelli, Sergio"]
[Black "Salvade', Ettore"]
[WhiteElo "1484"]
[BlackElo "1523"]
[Result "0-1"]
[PlyCount "122"]
[EventDate "2014.03.06"]

1. c4 e5 2. e4 Bc5 3. Nf3 Nc6 4. Nc3 Nf6 5. h3 O-O 6. Be2 b6 7. d3 Re8 8. Bd2
Nd4 9. Nxd4 Bxd4 10. Qb3 c6 11. f3 d6 12. O-O-O Be6 13. g4 b5 14. Rdf1 bxc4 15.
dxc4 Rb8 16. Qc2 Nd7 17. h4 Nc5 18. Na4 Nxa4 19. Qxa4 Bxb2+ 20. Kc2 c5 21. Rb1
Bd4 22. Bc3 Bd7 23. Qa3 Bxc3 24. Qxc3 Rxb1 25. Rxb1 Qxh4 26. Qe3 Qd8 27. Rb7
Ba4+ 28. Kd3 Qa5 29. Qc1 Bc6 30. Rb2 Qa3+ 31. Kd2 Qa5+ 32. Ke3 Qc7 33. Qd1 Qe7
34. Bd3 Qg5+ 35. Ke2 Qh6 36. Qb1 Qh2+ 37. Ke3 Qf4+ 38. Ke2 Qf6 39. Ke3 g6 40.
Rh2 Qg5+ 41. Kf2 Kg7 42. Qh1 h6 43. Be2 Rb8 44. Qd1 Qf6 45. Qh1 Qf4 46. Rh4 Qd2
47. Qd1 Rb2 48. Qxd2 Rxd2 49. Ke3 Rxa2 50. f4 exf4+ 51. Kf3 g5 52. Rh2 Ba4 53.
Rh1 Bc2 54. Rc1 Ra3+ 55. Kf2 Bxe4 56. Rd1 Ra6 57. Rd2 Kf6 58. Bf3 Bxf3 59. Kxf3
Ke5 60. Rd5+ Ke6 61. Ke4 Ra3 0-1

[Event "IX Open Primavera"]
[Site "Como ITA"]
[Date "2014.04.17"]
[Round "7"]
[White "Brambilla, Emilio"]
[Black "Frignani, Alessandro"]
[WhiteElo "1482"]
[BlackElo "1410"]
[Result "1-0"]
[PlyCount "63"]
[EventDate "2014.03.06"]

1. e4 e5 2. Nf3 Qf6 3. d3 h6 4. Nbd2 Bc5 5. g3 Qb6 6. Qe2 f6 7. Bg2 Nc6 8. c3
a5 9. O-O Be7 10. Nh4 h5 11. Nf5 g6 12. Nh4 g5 13. Nf5 d6 14. Ng7+ Kd8 15. Nxh5
Be6 16. Bf3 Rh7 17. Bg4 Bf7 18. Qf3 Na7 19. Qf5 Qc6 20. Qxh7 Qe8 21. Ng7 Qb5
22. Be6 Bxe6 23. Nxe6+ Kd7 24. Qf5 Kc6 25. c4 Qb4 26. Nb3 a4 27. Bd2 Qb6 28.
Be3 Qb4 29. Nbd4+ exd4 30. Nxd4+ Kb6 31. Nc2+ Ka6 32. Nxb4# 1-0

[Event "IX Open Primavera"]
[Site "Como ITA"]
[Date "2014.04.15"]
[Round "7"]
[White "Corti, Filippo"]
[Black "Ciancio, Mario"]
[WhiteElo "1650"]
[BlackElo "1563"]
[Result "0-1"]
[PlyCount "72"]
[EventDate "2014.03.06"]

1. Nf3 c5 2. g3 Nc6 3. Bg2 d5 4. d3 e5 5. O-O h6 6. Nbd2 Be6 7. e4 d4 8. b3 Qd7
9. Nc4 f6 10. Nh4 Qf7 11. f4 exf4 12. gxf4 g5 13. fxg5 hxg5 14. Nf3 Qh5 15. e5
g4 16. Bf4 Bxc4 17. bxc4 gxf3 18. Bxf3 Qg6+ 19. Kh1 fxe5 20. Qe2 Bg7 21. Rg1
Qf7 22. Bxc6+ bxc6 23. Rae1 Qxf4 24. Rxg7 Nf6 25. Rf1 Rxh2+ 26. Qxh2 Qxf1+ 27.
Rg1 Qf3+ 28. Rg2 Kd7 29. Qh6 Rg8 30. Qh2 Rxg2 31. Qxg2 Qxg2+ 32. Kxg2 Ng4 33.
Kf3 Ne3 34. a3 Nxc2 35. a4 a5 36. Ke4 Ke6 0-1

[Event "IX Open Primavera"]
[Site "Como ITA"]
[Date "2014.04.17"]
[Round "7"]
[White "Filippini, Enea"]
[Black "Nastasi, Ivano"]
[WhiteElo "1694"]
[BlackElo "1725"]
[Result "0-1"]
[PlyCount "54"]
[EventDate "2014.03.06"]

1. d4 Nf6 2. Nf3 e6 3. Bf4 b6 4. e3 Bb7 5. h3 d5 6. Be2 Nbd7 7. O-O c5 8. dxc5
Bxc5 9. Nbd2 O-O 10. c4 Re8 11. Ne5 d4 12. exd4 Bxd4 13. Nxd7 Qxd7 14. Rb1 Rad8
15. Nf3 Qc6 16. Qb3 Qe4 17. Be3 e5 18. Rfd1 h6 19. Ne1 Qg6 20. Bf3 Bc8 21. Kh2
Nh5 22. Rbc1 Nf4 23. Bxf4 exf4 24. Rd2 Bxh3 25. Rxd4 Rxd4 26. gxh3 Rd2 27. Ng2
Rxf2 0-1

[Event "IX Open Primavera"]
[Site "Como ITA"]
[Date "2014.04.17"]
[Round "7"]
[White "Giaracuni, Claudio"]
[Black "Pede, Lucio"]
[WhiteElo "1778"]
[BlackElo "1794"]
[Result "1/2-1/2"]
[PlyCount "29"]
[EventDate "2014.03.06"]

1. d4 d5 2. c4 c6 3. cxd5 cxd5 4. Nc3 Nc6 5. Nf3 Nf6 6. Bf4 Bf5 7. e3 e6 8. Be2
Be7 9. O-O O-O 10. Nh4 Bg6 11. Nxg6 fxg6 12. Bg3 Bd6 13. Rc1 Bxg3 14. hxg3 a6
15. a3 1/2-1/2

[Event "IX Open Primavera"]
[Site "Como ITA"]
[Date "2014.04.17"]
[Round "7"]
[White "Manino, Edoardo"]
[Black "Buonocore, Elio"]
[WhiteElo "1926"]
[BlackElo "2177"]
[Result "0-1"]
[PlyCount "142"]
[EventDate "2014.03.06"]

1. d4 f5 2. Nf3 Nf6 3. g3 g6 4. Bg2 d6 5. O-O Bg7 6. c4 O-O 7. Nc3 Qe8 8. Re1
Qf7 9. Qd3 Ne4 10. Nxe4 fxe4 11. Qxe4 Nc6 12. Be3 Bf5 13. Qh4 Qxc4 14. b3 Qb5
15. g4 Bd7 16. Rad1 Rae8 17. Ng5 h6 18. Nh3 g5 19. Nxg5 hxg5 20. Bxg5 Bf6 21.
d5 Ne5 22. Be4 Rf7 23. Bxf6 exf6 24. f3 Qc5+ 25. Kh1 Qe3 26. h3 Ref8 27. Bf5
Rg7 28. Bxd7 Rxd7 29. Kg2 Rh7 30. Qg3 Ng6 31. Kf1 Qh6 32. Rc1 Rff7 33. Kf2 Re7
34. e3 Qxh3 35. Qxh3 Rxh3 36. Kg2 Rhh7 37. Kg3 Re8 38. Rc3 Rhe7 39. e4 Kg7 40.
Rec1 Rc8 41. b4 Kf7 42. a4 Ke8 43. b5 b6 44. a5 bxa5 45. Ra3 Rb8 46. Rxa5 Rb7
47. Rh1 Ne5 48. Rh8+ Kd7 49. Ra8 Re8 50. R8xa7 Rxa7 51. Rxa7 Nc4 52. Ra4 Nb6
53. Ra1 Rh8 54. Kf4 Rh3 55. Rc1 Kc8 56. Rc3 Na4 57. Ra3 Nc5 58. Kf5 Rh6 59. f4
Kb7 60. g5 fxg5 61. fxg5 Rh1 62. Re3 Rf1+ 63. Kg4 Rg1+ 64. Kh5 Nd7 65. Kh6 Ne5
66. Kg7 Rxg5+ 67. Kf6 Rg2 68. Rb3 Kb6 69. Ke7 Re2 70. Rb4 Nd3 71. Rc4 Nc5 0-1

[Event "IX Open Primavera"]
[Site "Como ITA"]
[Date "2014.04.17"]
[Round "7"]
[White "Moioli, Ferruccio"]
[Black "Puppi, Simone"]
[WhiteElo "1677"]
[BlackElo "1538"]
[Result "0-1"]
[PlyCount "48"]
[EventDate "2014.03.06"]

1. d4 Nf6 2. Nf3 e6 3. Bg5 Be7 4. Nbd2 d5 5. e3 O-O 6. c4 Nbd7 7. Qc2 c5 8.
dxc5 Nxc5 9. Rd1 Qa5 10. a3 Bd7 11. Rb1 Nce4 12. Bd3 Nxg5 13. Nxg5 dxc4 14.
Bxh7+ Kh8 15. Be4 Qxg5 16. Bxb7 Rab8 17. Bf3 Rfc8 18. h4 Qa5 19. O-O Ba4 20.
Qc1 Bb3 21. Be2 Qd5 22. Nf3 Ne4 23. g3 Bf6 24. g4 c3 0-1

[Event "IX Open Primavera"]
[Site "Como ITA"]
[Date "2014.04.17"]
[Round "7"]
[White "Riva, Angelo Carlo"]
[Black "Lipari, Alberto"]
[WhiteElo "1500"]
[BlackElo "1525"]
[Result "0-1"]
[PlyCount "56"]
[EventDate "2014.03.06"]

1. e4 g6 2. d4 Bg7 3. Nf3 d6 4. h3 Nc6 5. c3 e6 6. Bg5 f6 7. Be3 Nge7 8. Nbd2
d5 9. Be2 dxe4 10. Nxe4 f5 11. Nc5 Nd5 12. Bc4 Nxe3 13. fxe3 Qd6 14. O-O Bh6
15. Qe2 b6 16. Nd3 Bb7 17. e4 O-O-O 18. e5 Qe7 19. b4 g5 20. a4 g4 21. hxg4
fxg4 22. Nh2 g3 23. Qh5 Be3+ 24. Kh1 gxh2 25. Kxh2 Rhg8 26. Rf7 Rg5 27. Qxh7
Qxf7 28. Qxf7 Rh8+ 0-1